Dicionário de Sinónimos (Registo nº 1101)
[ vista simples ]
| 000 -Etiqueta do registo | |
|---|---|
| Cabeçalho | 00653nam0a2200265 i 4500 |
| 005 - Identificador da versão | |
| Campo de controlo | 20240813121825.0 |
| 010 ## - Número internacional normalizado dos livros (ISBN) | |
| Número (ISBN) | 9720050802 |
| 021 ## - Número do Depósito Legal | |
| Código do país | PT |
| Número | 229609/05 |
| 100 ## - Dados gerais de processamento | |
| Dados gerais de processamento | 20100503d2005 m y0pory5003 ba |
| 102 ## - Pais de publicação ou produção | |
| País de publicação | Portugal |
| 101 0# - Língua de publicação | |
| Língua do texto, banda sonora, etc. | Português |
| Língua do documento no original | Português |
| 106 ## - Campo de dados codificados: material textual | |
| Dados codificados do material textual | r |
| 105 ## - Campo de dados codificados: livros | |
| Dados codificados dos livros | y z 001yy |
| 215 ## - Descrição física | |
| Indicação específica da natureza do documento e extensão da espécie | 1103 p. |
| Dimensões | cm |
| 200 1# - Titulo e menção de responsabilidade | |
| Título próprio | Dicionário de Sinónimos |
| 205 ## - Menção da edição | |
| Menção da edição | 2ª ed. |
| 210 ## - Publicação, Distribuição, etc. | |
| Lugar da edição, distribuição, etc. | Porto |
| Nome do editor, distribuidor, etc. | Porto Editora |
| Data da publicação, distribuição, etc. | 2005 |
| 304 ## - Notas relativas a título e menção de responsabilidade | |
| Texto da nota | Tít. orig.: |
| 606 ## - Nome comum usado como assunto | |
| Número de registo de entrada de autoridade | 0001490 |
| Palavra de ordem | Língua Portuguesa |
| Subdivisão de assunto | Sinónimos |
| 675 ## - Classificação Decimal Universal (CDU) | |
| Notação | 811.134.3'373.42(038) |
| Edição | BN |
| Língua da edição | por |
| 942 ## - Elementos de entrada adicionados (Koha) | |
| Tipo de item no Koha | Livro |
| Situação do levantamento | Origin of item (home branch) (coded) | Biblioteca de empréstimo | Código de barras | Cota | Circulation type (not for loan) | Tipo de documento | Nota do exemplar | Damaged status |
|---|---|---|---|---|---|---|---|---|
| Biblioteca Escolar Eng. Nuno Mergulhão | Biblioteca Escolar Eng. Nuno Mergulhão | BENM1989 | 811.134 | Cativo | Sem mensagem |
